Normal view
MARC view
- Licari, James J.
Entry Personal Name
001 - CONTROL NUMBER
- control field: 96733
003 - CONTROL NUMBER IDENTIFIER
- control field: NUST
005 - DATE AND TIME OF LATEST TRANSACTION
- control field: 20220810125548.0
008 - FIXED-LENGTH DATA ELEMENTS
- fixed length control field: 220810|| aca||aabn | a|a d
040 ## - CATALOGING SOURCE
- Original cataloging agency: NUST
- Transcribing agency: NUST
100 ## - HEADING--PERSONAL NAME
- Personal name: Licari, James J.
670 ## - SOURCE DATA FOUND
- Source citation: Work cat.: (NUST)175655: Licari, James J.,, Hybrid microcircuit technology handbook :, c1998.
